| 000 | 01759cad a22002895a 4500 | ||
|---|---|---|---|
| 001 | L145845 | ||
| 008 | 081113e20081110xxk f lf000 0 eng d | ||
| 035 | _a(Sirsi) u145845 | ||
| 041 | 0 | _aeng | |
| 050 | 0 | 4 | _a346.41043 $2 18 |
| 110 | 2 |
_aUnited Kingdom _kLaws, etc. _95044 |
|
| 245 | 0 | 4 |
_aThe Land Registration Act 2002 (Amendment) Order 2008 _h[electronic resource] |
| 260 |
_aLondon _bOPSI _c2008 |
||
| 490 | 0 |
_aSI _v2008, 2872 |
|
| 505 | 2 | _aCitation, commencement and interpretation -- Amendment of section 4 of the Act -- Amendment of section 7 of the Act | |
| 520 | _aStatutory Instrument makes amendments to the Land Registration Act 2002 by adding two new events that trigger compulsory first registration of title. Also provides that the requirement of registration in S4 of the Act applies on transfer of a qualifying estate giving effect to a partition of land subject to a trust of land, or in consequence of the appointment of a new trustee in the circumstances set out in that article. Also amends S7 of the Act by adding sanctions that will apply when a transfer of a qualifying estate of a kind described becomes void where the duty to apply for registration in S6 has not been complied with. Comes into force 6 April 2009. | ||
| 521 | _aAdvanced | ||
| 590 | _aKA NTK | ||
| 650 | 2 | 4 | _aLAND REGISTRATION ACT 2002 (AMENDMENT) ORDER 2008 |
| 650 | 2 | 4 | _aTRUSTEE ACT 1925 S44 |
| 650 | 2 | 4 | _aCHARITIES ACT 1993 S83 |
| 650 | 2 | 4 | _aLAND REGISTRATION ACT 2002 |
| 651 | 4 |
_aUnited Kingdom _y |
|
| 690 | _aPROPERTY-PROPERTY ACQUISITION AND DISPOSAL-REGISTRATION OF TITLE TO PROPERTY-LAND REGISTRATION | ||
| 856 | 4 | 0 |
_uhttps://www.opsi.gov.uk/si/si2008/uksi_20082872_en_1 _zView the item free of charge online at www.opsi.gov.uk... |
| 942 | _n0 | ||
| 999 |
_c108942 _d108942 |
||